| 000 | 00590nam a2200217Ia 4500 | ||
|---|---|---|---|
| 008 | 160803s9999 xx 000 0 und d | ||
| 020 | _a059044185X | ||
| 100 | _aLewison, Wendy Cheyette | ||
| 245 | _a"Buzz," said the bee / | ||
| 245 | _cby Wendy Cheyette Lewison ; illustrated by Hans Wilhelm. | ||
| 260 | _aNew York : | ||
| 260 | _bScholastic Inc. | ||
| 260 | _c1992 | ||
| 300 | _aunnumbered pages : | ||
| 300 | _bcolor illustrations ; | ||
| 300 | _c23 cm. | ||
| 440 | _aScholastic reader! Level 1 | ||
| 650 | _aAnimal sounds -- | ||
| 650 | _xFiction. | ||
| 700 | _a410 | ||
| 999 |
_c299393 _d299393 |
||